{"text_format":"3","workbook":"xlsx","n_sheets":1,"sheets":["t328"],"read":"whole","date_system":"1900"}

{"sheet":"t328","index":0,"n_rows":173,"n_cols":7,"rows_kept":173,"merged":[[0,0,0,6],[30,0,30,5],[43,0,43,5],[140,0,140,5]]}
["TABELA 328.1 - Estatísticas Agrícolas, Município de Matão, Estado de São Paulo, 2007/08."]
["ITEM","UNIDADE","N.DE UPAs","MÍNIMO","MÉDIO","MÁXIMO","TOTAL"]
["Distância à sede do município","km",469,{"v":1,"d":"1.0"},{"v":13.44,"d":"13.4"},{"v":40,"d":"40.0"},"-"]
["Área total","hectare",469,0.9,{"v":106.34,"d":"106.3"},{"v":7875.6,"d":"7,875.6"},{"v":49871.9,"d":"49,871.9"}]
["Área com cultura perene","hectare",214,0.2,{"v":74.83,"d":"74.8"},{"v":3989.6,"d":"3,989.6"},{"v":16014.5,"d":"16,014.5"}]
["Área com cultura temporária","hectare",267,0.1,{"v":67.87,"d":"67.9"},{"v":1301.3,"d":"1,301.3"},{"v":18120.3,"d":"18,120.3"}]
["Área com pastagem","hectare",230,0.2,{"v":13.45,"d":"13.5"},307.6,{"v":3092.8,"d":"3,092.8"}]
["Área com reflorestamento","hectare",24,0.3,{"v":9.28,"d":"9.3"},{"v":90,"d":"90.0"},222.7]
["Área com vegetação natural","hectare",295,0.1,{"v":21.15,"d":"21.2"},{"v":2481.6,"d":"2,481.6"},{"v":6240.5,"d":"6,240.5"}]
["Área com vegetação de brejo e várzea","hectare",202,0.2,{"v":9.48,"d":"9.5"},297.2,{"v":1914.7,"d":"1,914.7"}]
["Área em descanso","hectare",20,0.2,{"v":39.19,"d":"39.2"},517.2,783.8]
["Área complementar","hectare",429,0.1,{"v":8.12,"d":"8.1"},{"v":500,"d":"500.0"},{"v":3482.6,"d":"3,482.6"}]
["Área das UPAs com (0, 1] ha","hectare",2,0.9,{"v":0.95,"d":"1.0"},{"v":1,"d":"1.0"},1.9]
["Área das UPAs com (1, 2] ha","hectare",5,1.2,{"v":1.68,"d":"1.7"},{"v":2,"d":"2.0"},8.4]
["Área das UPAs com (2, 5] ha","hectare",53,2.1,{"v":3.51,"d":"3.5"},4.8,186.1]
["Área das UPAs com (5, 10] ha","hectare",47,5.1,{"v":7.96,"d":"8.0"},{"v":10,"d":"10.0"},374.3]
["Área das UPAs com (10, 20] ha","hectare",111,10.8,{"v":14.94,"d":"14.9"},{"v":20,"d":"20.0"},{"v":1657.8,"d":"1,657.8"}]
["Área das UPAs com (20, 50] ha","hectare",117,20.3,{"v":32.39,"d":"32.4"},48.6,{"v":3789.2,"d":"3,789.2"}]
["Área das UPAs com (50, 100] ha","hectare",55,50.2,{"v":66.86,"d":"66.9"},94.4,{"v":3677.4,"d":"3,677.4"}]
["Área das UPAs com (100, 200] ha","hectare",35,104.5,{"v":146.75,"d":"146.8"},197.1,{"v":5136.1,"d":"5,136.1"}]
["Área das UPAs com (200, 500] ha","hectare",28,200.8,{"v":327.74,"d":"327.7"},490.2,{"v":9176.8,"d":"9,176.8"}]
["Área das UPAs com (500, 1.000] ha","hectare",9,541.9,{"v":665.16,"d":"665.2"},827.6,{"v":5986.4,"d":"5,986.4"}]
["Área das UPAs com (1.000, 2.000] ha","hectare",5,{"v":1054.8,"d":"1,054.8"},{"v":1325.68,"d":"1,325.7"},{"v":1942,"d":"1,942.0"},{"v":6628.4,"d":"6,628.4"}]
["Área das UPAs com (2.000, 5.000] ha","hectare","-","-","-","-","-"]
["Área das UPAs com (5.000, 10.000] ha","hectare",2,{"v":5373.5,"d":"5,373.5"},{"v":6624.55,"d":"6,624.6"},{"v":7875.6,"d":"7,875.6"},{"v":13249.1,"d":"13,249.1"}]
["Área das UPAs acima de 10.000 ha","hectare","-","-","-","-","-"]
["Familiares do proprietário que trabalham na UPA","unidade",175,{"v":1,"d":"1.0"},{"v":1.55,"d":"1.6"},{"v":8,"d":"8.0"},{"v":271,"d":"271.0"}]
["Trabalhadores permanentes","unidade",179,{"v":1,"d":"1.0"},{"v":4.38,"d":"4.4"},{"v":150,"d":"150.0"},{"v":784,"d":"784.0"}]
["Fonte: Secretaria de Agricultura e Abastecimento, CDRS/IEA, Projeto LUPA."]
[]
["TABELA 328.2 - Explorações Animais, Município de Matão, Estado de São Paulo, 2007/08."]
["ITEM","UNIDADE","N.DE UPAs","MÍNIMO","MÉDIO","MÁXIMO","TOTAL"]
["Avicultura de Corte","cabeças/ano",20,{"v":65000,"d":"65,000.0"},{"v":165100,"d":"165,100.0"},{"v":400000,"d":"400,000.0"},{"v":3302000,"d":"3,302,000.0"}]
["Avicultura para Ovos","cabeças",1,{"v":1500,"d":"1,500.0"},{"v":1500,"d":"1,500.0"},{"v":1500,"d":"1,500.0"},{"v":1500,"d":"1,500.0"}]
["Bovinocultura de Corte","cabeças",34,{"v":1,"d":"1.0"},{"v":43.79,"d":"43.8"},{"v":300,"d":"300.0"},{"v":1489,"d":"1,489.0"}]
["Bovinocultura Leiteira","cabeças",8,{"v":1,"d":"1.0"},{"v":24.38,"d":"24.4"},{"v":87,"d":"87.0"},{"v":195,"d":"195.0"}]
["Bovinocultura Mista","cabeças",155,{"v":1,"d":"1.0"},23.9,{"v":170,"d":"170.0"},{"v":3704,"d":"3,704.0"}]
["Equinocultura","cabeças",5,{"v":5,"d":"5.0"},{"v":16,"d":"16.0"},{"v":47,"d":"47.0"},{"v":80,"d":"80.0"}]
["Ovinocultura","cabeças",2,{"v":30,"d":"30.0"},{"v":50,"d":"50.0"},{"v":70,"d":"70.0"},{"v":100,"d":"100.0"}]
["Piscicultura","m² tanques",8,{"v":100,"d":"100.0"},{"v":3262.5,"d":"3,262.5"},{"v":10000,"d":"10,000.0"},{"v":26100,"d":"26,100.0"}]
["Suinocultura","cabeças",3,{"v":50,"d":"50.0"},{"v":200,"d":"200.0"},{"v":300,"d":"300.0"},{"v":600,"d":"600.0"}]
["Fonte: Secretaria de Agricultura e Abastecimento, CDRS/IEA, Projeto LUPA."]
[]
["TABELA 328.3 -  Máquinas, Implementos e Benfeitorias, Município de Matão, Estado de São Paulo, 2007/08."]
["ITEM","UNIDADE","N.DE UPAs","MÍNIMO","MÉDIO","MÁXIMO","TOTAL"]
["Arado Comum (Bacia, Aiveca)","Unidade",53,{"v":1,"d":"1.0"},{"v":2.11,"d":"2.1"},{"v":15,"d":"15.0"},{"v":112,"d":"112.0"}]
["Arado Escarificador","Unidade",5,{"v":1,"d":"1.0"},{"v":4,"d":"4.0"},{"v":15,"d":"15.0"},{"v":20,"d":"20.0"}]
["Arado Subsolador","Unidade",7,{"v":1,"d":"1.0"},{"v":1.57,"d":"1.6"},{"v":4,"d":"4.0"},{"v":11,"d":"11.0"}]
["Câmara Fria","Unidade",1,{"v":1,"d":"1.0"},{"v":1,"d":"1.0"},{"v":1,"d":"1.0"},{"v":1,"d":"1.0"}]
["Carregadeira de Cana","Unidade",1,{"v":1,"d":"1.0"},{"v":1,"d":"1.0"},{"v":1,"d":"1.0"},{"v":1,"d":"1.0"}]
["Colhedeira Automotriz","Unidade",3,{"v":1,"d":"1.0"},{"v":1.33,"d":"1.3"},{"v":2,"d":"2.0"},{"v":4,"d":"4.0"}]
["Conj.Irrigação Autopropelido","Unidade",1,{"v":1,"d":"1.0"},{"v":1,"d":"1.0"},{"v":1,"d":"1.0"},{"v":1,"d":"1.0"}]
["Conj.Irrigação Convencional","Unidade",3,{"v":1,"d":"1.0"},{"v":1.33,"d":"1.3"},{"v":2,"d":"2.0"},{"v":4,"d":"4.0"}]
["Conj.Irrigação/Gotejamento/Microaspersão","Unidade",5,{"v":1,"d":"1.0"},{"v":3,"d":"3.0"},{"v":10,"d":"10.0"},{"v":15,"d":"15.0"}]
["Desintegrador, Picador, Triturador","Unidade",2,{"v":1,"d":"1.0"},{"v":1,"d":"1.0"},{"v":1,"d":"1.0"},{"v":2,"d":"2.0"}]
["Distribuidor de Calcário","Unidade",25,{"v":1,"d":"1.0"},{"v":2.12,"d":"2.1"},{"v":15,"d":"15.0"},{"v":53,"d":"53.0"}]
["Ensiladeira","Unidade",1,{"v":1,"d":"1.0"},{"v":1,"d":"1.0"},{"v":1,"d":"1.0"},{"v":1,"d":"1.0"}]
["Grade Aradora (Tipo Romi)","Unidade",4,{"v":1,"d":"1.0"},3.5,{"v":10,"d":"10.0"},{"v":14,"d":"14.0"}]
["Grade Niveladora","Unidade",7,{"v":1,"d":"1.0"},{"v":3,"d":"3.0"},{"v":10,"d":"10.0"},{"v":21,"d":"21.0"}]
["Microtrator","Unidade",2,{"v":1,"d":"1.0"},{"v":1,"d":"1.0"},{"v":1,"d":"1.0"},{"v":2,"d":"2.0"}]
["Ordenhadeira Mecânica","Unidade",2,{"v":1,"d":"1.0"},{"v":1,"d":"1.0"},{"v":1,"d":"1.0"},{"v":2,"d":"2.0"}]
["Pulverizador Tratorizado","Unidade",162,{"v":1,"d":"1.0"},{"v":2.08,"d":"2.1"},{"v":23,"d":"23.0"},{"v":337,"d":"337.0"}]
["Resfriador de Leite, Tanque Expansão","Unidade",1,{"v":1,"d":"1.0"},{"v":1,"d":"1.0"},{"v":1,"d":"1.0"},{"v":1,"d":"1.0"}]
["Semeadeira/Adubadeira para Plantio Convencional","Unidade",7,{"v":1,"d":"1.0"},{"v":1,"d":"1.0"},{"v":1,"d":"1.0"},{"v":7,"d":"7.0"}]
["Semeadeira/Plantadeira Plantio Direto","Unidade",1,{"v":1,"d":"1.0"},{"v":1,"d":"1.0"},{"v":1,"d":"1.0"},{"v":1,"d":"1.0"}]
["Terraceador","Unidade",1,{"v":1,"d":"1.0"},{"v":1,"d":"1.0"},{"v":1,"d":"1.0"},{"v":1,"d":"1.0"}]
["Trator de Esteiras","Unidade",4,{"v":1,"d":"1.0"},1.5,{"v":2,"d":"2.0"},{"v":6,"d":"6.0"}]
["Trator de Pneus","Unidade",217,{"v":1,"d":"1.0"},{"v":2.51,"d":"2.5"},{"v":50,"d":"50.0"},{"v":545,"d":"545.0"}]
["Açude/Represa","Unidade",66,{"v":1,"d":"1.0"},{"v":1.97,"d":"2.0"},{"v":10,"d":"10.0"},{"v":130,"d":"130.0"}]
["Adega Cantina","Unidade",1,{"v":1,"d":"1.0"},{"v":1,"d":"1.0"},{"v":1,"d":"1.0"},{"v":1,"d":"1.0"}]
["Almoxarifado/Oficina","Unidade",1,{"v":3,"d":"3.0"},{"v":3,"d":"3.0"},{"v":3,"d":"3.0"},{"v":3,"d":"3.0"}]
["Armazém para Grãos Ensacados","Sacas",1,{"v":7,"d":"7.0"},{"v":7,"d":"7.0"},{"v":7,"d":"7.0"},{"v":7,"d":"7.0"}]
["Balança para Veículos","Unidade",3,{"v":1,"d":"1.0"},{"v":1,"d":"1.0"},{"v":1,"d":"1.0"},{"v":3,"d":"3.0"}]
["Barracão para Granja/Avicultura","Unidade",28,{"v":1,"d":"1.0"},1.5,{"v":4,"d":"4.0"},{"v":42,"d":"42.0"}]
["Barracão/Galpão/Garagem","Unidade",197,{"v":1,"d":"1.0"},{"v":1.86,"d":"1.9"},{"v":10,"d":"10.0"},{"v":367,"d":"367.0"}]
["Casa de Moradia Habitada","Unidade",290,{"v":1,"d":"1.0"},{"v":1.97,"d":"2.0"},{"v":20,"d":"20.0"},{"v":571,"d":"571.0"}]
["Casa de Moradia Total","Unidade",342,{"v":1,"d":"1.0"},{"v":2.69,"d":"2.7"},{"v":46,"d":"46.0"},{"v":920,"d":"920.0"}]
["Curral/Mangueira","Unidade",38,{"v":1,"d":"1.0"},{"v":1,"d":"1.0"},{"v":1,"d":"1.0"},{"v":38,"d":"38.0"}]
["Depósito/Tulha","Unidade",45,{"v":1,"d":"1.0"},{"v":1.29,"d":"1.3"},{"v":5,"d":"5.0"},{"v":58,"d":"58.0"}]
["Estábulo","Unidade",15,{"v":1,"d":"1.0"},{"v":1.07,"d":"1.1"},{"v":2,"d":"2.0"},{"v":16,"d":"16.0"}]
["Estufa/Plasticultura","m²",6,{"v":700,"d":"700.0"},{"v":2225,"d":"2,225.0"},{"v":9000,"d":"9,000.0"},{"v":13350,"d":"13,350.0"}]
["Instalações para Equinos","Unidade",3,{"v":1,"d":"1.0"},{"v":1.33,"d":"1.3"},{"v":2,"d":"2.0"},{"v":4,"d":"4.0"}]
["Máquina de Benefício","Unidade",1,{"v":2,"d":"2.0"},{"v":2,"d":"2.0"},{"v":2,"d":"2.0"},{"v":2,"d":"2.0"}]
["Packing House","Unidade",1,{"v":1,"d":"1.0"},{"v":1,"d":"1.0"},{"v":1,"d":"1.0"},{"v":1,"d":"1.0"}]
["Pocilga","Unidade",4,{"v":1,"d":"1.0"},{"v":2,"d":"2.0"},{"v":5,"d":"5.0"},{"v":8,"d":"8.0"}]
["Poço Semi-Artesiano","Unidade",85,{"v":1,"d":"1.0"},1.2,{"v":6,"d":"6.0"},{"v":102,"d":"102.0"}]
["Silo para Grãos","t",1,{"v":1,"d":"1.0"},{"v":1,"d":"1.0"},{"v":1,"d":"1.0"},{"v":1,"d":"1.0"}]
["Silo para Silagem","t",1,{"v":50,"d":"50.0"},{"v":50,"d":"50.0"},{"v":50,"d":"50.0"},{"v":50,"d":"50.0"}]
["Terreiro","m²",33,{"v":20,"d":"20.0"},{"v":1329.55,"d":"1,329.6"},{"v":11000,"d":"11,000.0"},{"v":43875,"d":"43,875.0"}]
["Fonte: Secretaria de Agricultura e Abastecimento, CDRS/IEA, Projeto LUPA."]
[]
["TABELA 328.4 - Outras Estatísticas Agrícolas, Município de Matão, Estado de São Paulo, 2007/08."]
["ITEM","Número de UPAs",null,"Percentual"]
["Faz Parte de Associação de Produtores",34,null,{"v":7.249466950959488,"d":"7.2"}]
["Faz Parte de Cooperativa de Produtores",37,null,{"v":7.889125799573561,"d":"7.9"}]
["Faz Parte do Sindicato de Produtores",49,null,{"v":10.447761194029852,"d":"10.4"}]
["Não utiliza assistência técnica ",118,null,{"v":25.15991471215352,"d":"25.2"}]
["Utiliza somente assistência técnica governamental ",58,null,{"v":12.366737739872068,"d":"12.4"}]
["Utiliza somente assistência técnica privada ",136,null,{"v":28.997867803837952,"d":"29.0"}]
["Utiliza assistência técnica tanto governamental quanto privada",157,null,{"v":33.475479744136464,"d":"33.5"}]
["Utiliza Crédito Rural",115,null,{"v":24.520255863539447,"d":"24.5"}]
["Utiliza Seguro Rural",14,null,{"v":2.985074626865672,"d":"3.0"}]
["Utiliza Escrituração Agrícola",15,null,{"v":3.1982942430703623,"d":"3.2"}]
["Acessa Internet p/ Fins na Agropecuária",14,null,{"v":2.985074626865672,"d":"3.0"}]
["Utiliza Computador nas Atividades Agropecuárias",13,null,{"v":2.771855010660981,"d":"2.8"}]
["Utiliza Energia Elétrica Para Uso na Atividade Agrícola",348,null,{"v":74.2004264392324,"d":"74.2"}]
["Realiza Análise de Solo, quando necessário",219,null,{"v":46.69509594882729,"d":"46.7"}]
["Utiliza Práticas de Conservação de Solo, quando necessário",346,null,{"v":73.77398720682302,"d":"73.8"}]
["Faz Adubação Mineral, quando necessário",387,null,{"v":82.51599147121536,"d":"82.5"}]
["Faz Adubação Orgânica, quando necessário",50,null,{"v":10.660980810234543,"d":"10.7"}]
["Faz Adubação Verde, quando necessário",33,null,{"v":7.0362473347547985,"d":"7.0"}]
["Utiliza Manejo Integrado de Pragas (MIP)",1,null,{"v":0.21321961620469085,"d":"0.2"}]
["Utiliza Hidroponia","-",null,"-"]
["Utiliza Plasticultura",4,null,{"v":0.8528784648187634,"d":"0.9"}]
["Utiliza Mudas Fiscalizadas",174,null,{"v":37.1002132196162,"d":"37.1"}]
["Utiliza Semente Melhorada",133,null,{"v":28.358208955223883,"d":"28.4"}]
["Faz Confinamento de Bovinos",3,null,{"v":0.6396588486140725,"d":"0.6"}]
["Utiliza Pastejo Intensivo",2,null,{"v":0.4264392324093817,"d":"0.4"}]
["Faz Inseminação Artificial","-",null,"-"]
["Faz Mineralização do Rebanho",119,null,{"v":25.37313432835821,"d":"25.4"}]
["Faz Vermifugação do Rebanho",123,null,{"v":26.22601279317697,"d":"26.2"}]
["Possui Parceiros /Arrendatários na Exploração Animal",17,null,{"v":3.624733475479744,"d":"3.6"}]
["Esporte e lazer",3,null,{"v":0.6396588486140725,"d":"0.6"}]
["Extração mineral","-",null,"-"]
["Hotel Fazenda, Pousada ou SPA","-",null,"-"]
["Pesque-pague",1,null,{"v":0.21321961620469085,"d":"0.2"}]
["Restaurante ou Lanchonete","-",null,"-"]
["Transformação artesanal","-",null,"-"]
["Turismo rural ou ecoturismo","-",null,"-"]
["Outras atividades econômicas rurais",1,null,{"v":0.21321961620469085,"d":"0.2"}]
["Agroindústria","-",null,"-"]
["Proprietário sem instrução ou com instrução incompleta",8,null,{"v":1.7057569296375268,"d":"1.7"}]
["Proprietário com antigo primário completo",101,null,{"v":21.535181236673772,"d":"21.5"}]
["Proprietário com 1° grau (ou antigo ginasial) completo",141,null,{"v":30.06396588486141,"d":"30.1"}]
["Proprietário com 2° grau (ou antigo colegial) completo",88,null,{"v":18.76332622601279,"d":"18.8"}]
["Proprietário com curso superior completo ",95,null,{"v":20.255863539445627,"d":"20.3"}]
["Pessoa Jurídica",36,null,{"v":7.675906183368871,"d":"7.7"}]
["Proprietário residente na própria UPA ",73,null,{"v":15.56503198294243,"d":"15.6"}]
["Fonte: Secretaria de Agricultura e Abastecimento, CDRS/IEA, Projeto LUPA."]
[]
["TABELA 328.5 - Área Cultivada, Município de Matão, Estado de São Paulo, 2007/08."]
["CULTURA","N.DE UPAs","MÍNIMO","MÉDIO","MÁXIMO","TOTAL"]
["Cana-de-acucar",199,0.1,{"v":86.33,"d":"86.3"},{"v":1301.3,"d":"1,301.3"},{"v":17178.8,"d":"17,178.8"}]
["Laranja",187,0.4,79.1,{"v":3597.9,"d":"3,597.9"},{"v":14791.5,"d":"14,791.5"}]
["Braquiaria",158,0.2,{"v":16.32,"d":"16.3"},307.6,{"v":2578.6,"d":"2,578.6"}]
["Seringueira",3,16.2,{"v":191.13,"d":"191.1"},{"v":539,"d":"539.0"},573.4]
["Gramas",70,0.8,{"v":7.01,"d":"7.0"},{"v":66,"d":"66.0"},490.6]
["Cafe",19,0.2,{"v":17.01,"d":"17.0"},{"v":263,"d":"263.0"},323.2]
["Milho",50,{"v":1,"d":"1.0"},{"v":6.08,"d":"6.1"},51.1,304.2]
["Palmito",1,293.8,293.8,293.8,293.8]
["Eucalipto",23,0.3,{"v":9.25,"d":"9.3"},{"v":90,"d":"90.0"},212.7]
["Soja",4,36.9,{"v":50.35,"d":"50.4"},72.6,201.4]
["Mandioca",14,{"v":1,"d":"1.0"},{"v":8.52,"d":"8.5"},{"v":58,"d":"58.0"},119.3]
["Limao",31,0.3,{"v":3.37,"d":"3.4"},19.6,104.5]
["Goiaba",17,{"v":1,"d":"1.0"},{"v":5.82,"d":"5.8"},{"v":20,"d":"20.0"},{"v":99,"d":"99.0"}]
["Manga",17,0.3,{"v":3.41,"d":"3.4"},10.5,{"v":58,"d":"58.0"}]
["Tangerina",11,0.2,{"v":5.18,"d":"5.2"},{"v":24,"d":"24.0"},{"v":57,"d":"57.0"}]
["Coloniao",1,13.3,13.3,13.3,13.3]
["Capim-napier (ou capim-elefante)",3,0.7,{"v":3.43,"d":"3.4"},7.6,10.3]
["Outras florestais",1,{"v":10,"d":"10.0"},{"v":10,"d":"10.0"},{"v":10,"d":"10.0"},{"v":10,"d":"10.0"}]
["Tomate rasteiro",1,8.9,8.9,8.9,8.9]
["Alface",9,0.1,{"v":0.81,"d":"0.8"},1.5,7.3]
["Banana",2,{"v":1,"d":"1.0"},1.6,2.2,3.2]
["Coco-da-baia",1,2.1,2.1,2.1,2.1]
["Cebolinha",3,0.2,{"v":0.67,"d":"0.7"},{"v":1,"d":"1.0"},{"v":2,"d":"2.0"}]
["Couve (ou couve-crespa)",3,0.2,{"v":0.63,"d":"0.6"},1.2,1.9]
["Abacate",1,1.6,1.6,1.6,1.6]
["Maracuja",1,{"v":1,"d":"1.0"},{"v":1,"d":"1.0"},{"v":1,"d":"1.0"},{"v":1,"d":"1.0"}]
["Berinjela",1,{"v":1,"d":"1.0"},{"v":1,"d":"1.0"},{"v":1,"d":"1.0"},{"v":1,"d":"1.0"}]
["Pomar domestico",1,{"v":1,"d":"1.0"},{"v":1,"d":"1.0"},{"v":1,"d":"1.0"},{"v":1,"d":"1.0"}]
["Pepino",1,0.5,0.5,0.5,0.5]
["Outras olericolas",1,0.2,0.2,0.2,0.2]
["Fonte: Secretaria de Agricultura e Abastecimento, CDRS/IEA, Projeto LUPA."]